MDQL
is popping MORE tags! Check the
thread
!
Quizzes
Events
Quiz Creation
Community
Videos
Private Events
Remove Ads
Sign In
Join for FREE
Feedback
Dark Mode
Quiz Categories
Sports
Geography
Music
Movies
Television
Just For Fun
Miscellaneous
History
Literature
Language
Science
Gaming
Entertainment
Religion
Holiday
For Kids
Quiz Lab
Recent
Popular Today
Quiz Kudos Today
Editor Picks
Curator Picks
Quizzes by...
Day
Popularity
Type
Ratings
Length
Year
Community
Subscriptions
Recent Discussions
Orange Saloon
Badges
Playlists
Quests
Create
Leaderboards
Showdown
Live 5
Trivia Bingo
Activity
Puzzle Library
Sporcle Events
Private Events
Virtual Trivia
Globe League
Become a Host
Pub Owners
SporcleCon
Opinionation
Our Games
Videos
Blog
Mobile Apps
Partnerships
Remove Ads and Go Orange
Feedback
Language
Vocabulary
Begins and Ends
Definition
Spanish
French
German
Italian
Chinese
Latin
Translation
Japanese
Language
Vocabulary
Begins and Ends
Definition
Spanish
French
German
Italian
Chinese
Latin
Translation
Japanese
Random Quiz
Search Sporcle
×
Quiz Lab
Quiz Lab
Language
Ending
Type in answers that appear in a list
Type in answers that appear in a list
Classic
Best Score? Go Orange.
Ends in Fa Stats
Can you name the words ending in Fa?
By
longboard
3m
22 Questions
34 Plays
34 Plays
34 Plays
Comments
Comments
Give Quiz Kudos
Give Quiz Kudos
-
- Ratings
hide this ad
Replay
Link that replays current quiz
Next Quiz
Link to next quiz in quiz playlist
You Got
0%
They Got
Avg Score
42%
Avg Friend Score
Upgrade to see
Score Distribution
Jump to the score distribution portion of the page
Score
0/22
Timer
03:00
0
Plays Today
Clue
Word
% Correct
First word for the italian auto maker brand...Romeo
Alfa
79.4%
Fouth note of the musical scale
Fa
73.5%
Short for Rafael in Spanish
Rafa
70.6%
Female equivalent of Jose
Josefa
67.6%
Soccer international federation
FIFA
61.8%
Europe's professional soccer federation
UEFA
56.5%
Famous American labor union leader who disappeared
Hoffa
55.9%
Giraffe in Spanish
Girafa
55.9%
Israel's third largest city
Haifa
50%
Synalepha in Spanish
Sinalefa
50%
Tonga's capital city
Nuku'alofa
47.1%
Clue
Word
% Correct
Type of couch
Sofa
47.1%
Common Arabic male given name
Mustafa
44.1%
Belgian digital imaging products and systems company
Agfa
44.1%
Carl Switzer famous character and forage crop
Alfalfa
41.2%
Older part of Tel Aviv
Jaffa
35.3%
American rapper known for single hit 'Black & Yellow'
Khalifa
29.4%
Capital city of the Republic of Bashkortostan, Russia
Ufa
23.5%
Basis of several groups of drugs (medicine)
Sulfa
23.5%
Bahrain second largest city
Riffa
20.6%
Spanish city on the Strait of Gibraltar facing Morocco
Tarifa
20.6%
Fourth largest city in Jordan
Russeifa
11.8%
Quiz Playlist
Details
Report
Send in Message
Add To Playlist
Classic:
Type in answers that appear in a list
Last Updated: Feb 16, 2017
Quiz Scoreboard
CHALLENGE
Sign Up to Join the Scoreboard
Show All
Scores
Hide
Comments
May contain spoilers
Recently Published
5x2 Blitz: Bands
by SL_Kpop136
Music
30s
Colored Red Africa Blitz
by spor1
Geography
30s
Find the 'City' Movie
by crazypaving
Movies
60s
More to Explore
Quiz From the Vault
Featured Blog Post
14 Easter Pick-up Lines to Find Eggs With
hide this ad
You Might Also Like...
Tags
end
Ending
Today's Top Quizzes in Language
Browse Language
hide this ad
Today's Top Quizzes in Ending
Browse Ending
Top Contributed Quizzes in Language
1
Arabic Numerals
2
1-10 Letter H Words III
3
1-10 Letter F Words III
4
1-10 Letter G Words III
5
1-10 Letter I Words III
6
1-10 Letter M Words III
7
1-10 Letter K Words III
8
1-10 Letter L Words III
9
1-10 Letter N Words III
10
1-10 Letter J Words III
Explore More
Trending Topics
Marvel
Anime
NBA
Kpop
Disney
Crossword
Harry Potter
Country
Puzzle
NFL
WWE
Pokémon
The Office
Soccer
Song
hide this ad
More By:
longboard
Quiz
Plays
Rating
Category
Featured
Created
Countries of the Americas A-Z
73,249
4.69
Geography
May 7, 2015
'S' African Countries
62,135
4.60
Geography
May 8, 2015
First and Last Five Countries: World
54,883
4.68
Geography
Jun 12, 2015
Island Nations A-Z
50,277
4.50
Geography
May 7, 2015
Amazon Rainforest Countries
46,850
3.88
Geography
Apr 1, 2014
Go to Creator's Profile
Score Distribution
Quiz Creator Spotlight
longboard
Follow
Send a Message
Quizzes Created
-
Created Quiz Play Count
-
More By This Creator
Popular Quizzes Today
1
Colored Red Africa Blitz
2
Find the 'City' Movie
3
Find the US States - No Outlines Minefield
4
5x2 Blitz: Bands
5
The Countries of the World
6
Find the US States
7
US States
8
9x9 Crossword: Cartoon Network
More Language Quizzes
A Fight in the Forum
Editor's Pick
Trending Quizzes
Colored Red Europe Blitz I
Colored Red Europe Blitz II
Colored Red Africa Blitz II
Colored Red Europe Blitz III
Colored Red Africa Blitz III
Recently Updated
How Do You Spell That?
pecheneg
Godzilla Movies
pecheneg
Grab Bag: 4-10 Letters
pecheneg
2024 March Madness Bracket
pecheneg
Famous TV Couples
Peacemaker
Champions League XIs: Real Madrid
pecheneg
Largest US Cities 1790-2010
pecheneg
Rides in Walt Disney World
pecheneg
Most Oscar Losses (Acting)
pecheneg
Beyoncé Albums
pecheneg
Trending Topics
Marvel
Crossword
NBA
Harry Potter
Anime
Disney
Kpop
Soccer
Song
Pokémon
WWE
The Office
Puzzle
Country
NFL
Your Account Isn't Verified!
In order to create a playlist on Sporcle, you need to verify the email address you used during registration. Go to your
Sporcle Settings
to finish the process.
Report this User
Report this user for behavior that violates our
Community Guidelines
.
Details:
Send Report
Go to the Sporcle.com Mobile Site →
Comments